Metal Gear Solid 3: Snake Eater - Statistics

General Stats
  • This quiz has been taken 88 times
  • The average score is 12 of 15
Answer Stats
Hint Answer % Correct
Who Is the main character Naked Snake
100%
who is the final boss The Boss
93%
Who is the elderly sniper The End
93%
What part of his body does snake lose during the events of the game Eye
90%
Who was the director of the game Hideo Kojima
90%
who is the first boss fight of the game Revolver Ocelot
86%
Who shoots hornets at you The Pain
86%
Who shoots lightning Colonel Volgin
83%
Who was sent to spy on you by the Chinese Eva
80%
What rank is achieved by snake at the end of the game Big Boss
78%
who were you sent to retrieve Sokolov
70%
Who was secretly ocelot Adam
67%
What is the name of the Boss' gun The Patriot
67%
What president does snake meet at the end of the game Lyndon B. Johnson
46%
what is the fortress you infiltrate Groznyj Grad
32%
No matching quizzes found
Score Distribution
Percent of People with Each Score
Percentile by Number Answered
Your Score History
You have not taken this quiz